01334nam a2200265 a 4500001000200000003000900002005001700011007001000028008003700038020001800075040002200093082003000115100003500145245015800180260004800338300005000386500007000436505037400506650001600880650003000896650003100926650004500957700002501002700004101027 DO-SdBNP20221108122418.0000014795100122s2008 dr b 000 0 spa d a9789945458008 aBPMSUbspacBPMSU a327.101 bR457n 2008 2221 aReyes Sánchez, Migueld1966-14aLas nuevas fichas del tablero internacional /cMiguel Reyes Sánchez ; presentación Arelis Peña Brito ; Prólogo Miguel Antonio Rodríguez Cabrer. aSanto Domingo :bSenderos del Mundo,c2008. axxxix, 520 p. :bil.,gráf., mapas ;c24 cm. aIncluye datos biográficos del autor en la solapa de la cubierta0 aDiplomacia 3 -- Economía y desarrollo 17 -- Globalización 51 -- Energía y medio ambiente 103 -- El mar 147 -- Migración 157 -- Seguridad y terrorismo 187 -- Organización de las Naciones Unidas 203 -- Europa 241 -- Medio Oriente 283 -- El mundo hindú y musulmán 363 -- China 397 -- Latinoamérica 415 -- Haití 453 -- Estados Unidos 479 -- Conflictos 493 4aDiplomacia  4aPolítica internacional  4aRelaciones internacionales 4aGlobalizaciónx Aspectos económicos.1 aPeña Brito, Arelis1 aRodríguez Cabrer, Miguel,epról.